Tilastot visalle Kirjaimella A alkavien valtioiden liput

Klikkaa tästä pelataksesi tätä visaa!

Yleistilastot

  • Tätä visaa on pelattu 492 kertaa
  • Keskiarvotulos 10 / 11

Vastaustilastot

Vastaus% Oikein
Albania
99%
Australia
96%
Andorra
95%
Argentiina
93%
Alankomaat
92%
Algeria
88%
Azerbaidžan
84%
Armenia
82%
Angola
81%
Afganistan
74%
Antigua ja Barbuda
74%

Tulosjakauma

Persentiili vastausten määrän mukaan

Jokaisen tuloksen saaneiden osuus

Tuloshistoriasi

Et ole pelannut tätä visaa